Muḥāḍarāt fī aḥādīth al-tahdhīb. (Record no. 85236)

MARC details
000 -LEADER
fixed length control field 00643cam a22002171 4500
001 - CONTROL NUMBER
control field sa 68013645
003 - CONTROL NUMBER IDENTIFIER
control field DLC
005 - DATE AND TIME OF LATEST TRANSACTION
control field 20260227112623.0
008 - FIXED-LENGTH DATA ELEMENTS--GENERAL INFORMATION
fixed length control field 890514s1967 xx 000 0 ara
010 ## - LIBRARY OF CONGRESS CONTROL NUMBER
LC control number sa 68013645
035 ## - SYSTEM CONTROL NUMBER
System control number (OCoLC)23499898
040 ## - CATALOGING SOURCE
Original cataloging agency DLC
Transcribing agency MiU
Modifying agency DLC
042 ## - AUTHENTICATION CODE
Authentication code premarc
050 00 - LIBRARY OF CONGRESS CALL NUMBER
Classification number BP135.A3
Item number A7
100 2# - MAIN ENTRY--PERSONAL NAME
Personal name Ash Shiddieqy, M. Hasbi,
Titles and words associated with a name T.,
Dates associated with a name 1906-
Relator term comp.
245 10 - TITLE STATEMENT
Title Muḥāḍarāt fī aḥādīth al-tahdhīb.
260 ## - PUBLICATION, DISTRIBUTION, ETC.
Place of publication, distribution, etc. Jogjakarta,
Name of publisher, distributor, etc. Biro Kemahasiswaan "I. A. I. N. Sunan Kalidjaga,"
Date of publication, distribution, etc. 1967.
300 ## - PHYSICAL DESCRIPTION
Extent 147 p.
Dimensions 21 cm.
500 ## - GENERAL NOTE
General note Romanized.
650 #0 - SUBJECT ADDED ENTRY--TOPICAL TERM
Topical term or geographic name entry element Hadith
General subdivision Criticism, interpretation, etc.

No items available.

Powered by Koha